Statistics for Countries That Use the New Zealand Dollar

Click here to take the quiz!

General Stats

  • This quiz has been taken 102 times
    (95 since last reset)
  • The average score is 3 of 6

Answer Stats

StatusPopulationAnswer% Correct
Country4,242,000New Zealand
95%
Country21,000Cook Islands
70%
Country1,600Niue
64%
Territory1,400Tokelau
41%
Territory50Pitcairn Islands
26%
Territory200 to 1100 seasonallyRoss Dependency
13%

Score Distribution

Percentile by Number Answered

Percent of People with Each Score

Your Score History

You have not taken this quiz since the last reset